000 01182nam a22003497a 4500
001 0011837
003 DO-SdBPM
005 20260306131107.0
007 ta
008 161128b2011 ag a |||| 00| 0 spa d
020 _a9789870402459
040 _a DO-SdBPM
_bspa
_cBPMSU
_erda
082 0 4 _a869.3
_bM149d 2011
_222
100 1 _aMachado, Ana María
_d1941-
_eautor
_4aut.
245 1 _a¿Dónde está mi almohada? /
_cAna María Machado ; ilustraciones Francesc Rovira ; editora Marta Higueras Díez
260 _c
_g
264 _aBuenos Aires, Argentina :
_bAguilar,
_c2011
300 _a28 paginas :
_bilustraciones,
_c19 cm.
336 _atexto
_btxt
_2rdacontent
337 _asin mediación
_bn
_2rdamedia
338 _avolumen
_bnc
_2rdacarrier
490 0 _aAlfaguara infantil
521 _aA partir de 4 años.
590 _aInventariado, 2026/VM
650 7 _a Cuentos infantiles brasileños |
650 7 _aFantasía
_vCuentos infantiles
650 7 _a Literatura infantil brasileña
700 1 _aRovira, Francesc,
_eilustración
700 1 _aHigueras Díez, Marta,
_eeditora
910 _aVMateo V. Control de calidad. BPMSU
942 _2ddc
_cBK
999 _c12136
_d12136